|
|
|
|
| LEADER |
00000nam a2200000Ia 4500 |
| 008 |
180927b2001 CR ||||| |||| 00| 0 spa d |
| 999 |
|
|
|c 2540
|d 2540
|
| 090 |
|
|
|a DOC # 32
|
| 245 |
1 |
0 |
|a Educación y familia
|
| 260 |
|
|
|a [San José, Costa Rica] :
|b [ s.n.],
|c 2001
|
| 300 |
|
|
|a 38 páginas
|
| 500 |
|
|
|a Revista de agosto, 2001, ejemplar único
|
| 505 |
|
|
|t La formación de lectores de calidad: reto para la escuela y la familia /
|r Nora R. de Chacób
|t Artículo y opiniones sobre la teoría de Howard Gardner /
|r Silvia Castro
|
| 650 |
1 |
4 |
|a INTELIGENCIA
|9 908
|
| 650 |
1 |
4 |
|a LECTURA
|9 365
|
| 650 |
1 |
4 |
|a APRENDIZAJE
|9 387
|
| 650 |
1 |
4 |
|a PEDAGOGÍA
|9 1770
|
| 942 |
|
|
|i 00380
|h DOC # 32
|2 z
|c 05
|